=LDR 00000nam 2200000 4500 =001 $a INLIS000000000008522 =005 $a 20260625112853 =008 $a 260625###########################0#ind## =022 ##$$a 978-979-015-674-6 =035 ##$$a 0010-0626000149 =082 ##$$a 658.57 =084 ##$$a 658.57 KLI d =100 #$$a Klimchuk, Marianne Rosner =245 ##$$a desain kemasan $b perencanaan merek produk yang berhasil mulai dari konsep sampai penjualan $c Marianne Rosner Klimchuk, Sandra A. Krasovec; alih bahasa, Bob Sabran; editor, Lameda Simarmata, Siti Mariani =247 ##$$a =260 ##$$a Jakarta $b Erlangga $c 2007 =300 ##$$a x; 262 hlm. $b ilus. $c 22 cm. $e =310 ##$$a =321 ##$$a =520 #$$a =650 #$$a Research and Development Management =700 #$$a Bob Sabran =700 #$$a Krasovec, Sandra A. =700 #$$a Lameda SImarmata =700 #$$a Siti Mariani =856 ##$$a =Wor $a 1